000 00997nam2a2200253 4500
001 RU\NLR\BIBL_A\022679656
005 20251212113911.0
010 _a978-5-17-150580-6
_bкн. 4
_92000
021 _aRU
_bКН-П-25-063743
_9КН-П-25-6175
035 _a(NLR Aleph) 022679656
090 _a13500304
_c13500304
100 _a20251204d2024 u y0rusy50 ca
101 1 _arus
_cjpn
102 _aRU
105 _ay z 000ay
200 0 _aКн. 4
210 _d2024
215 _a333, [2] с.
333 _a18+
461 0 _1001RU\NLR\BIBL_A\022337107
_12001#$aУсопшие. Shiki$eроман$fФуюми Оно$gперевод с японского Е. Ю. Старостиной$vКн. 4
_1700#1$aОно$bФ.$gФуюми$f1960-$3RU\NLR\AUTH\770272817
_913258429
_aОно, Ф. (1960-)
_cМосква
_d2024-
_fФуюми Оно
_nАСТ
_oроман
_tУсопшие. Shiki
_y978-5-17-163247-2
_vКн. 4
942 _cBOOK
980 _aNB